তীর্থ আমার গ্রাম / (Record no. 26525)

MARC details
000 -LEADER
fixed length control field 00638nam a22001937a 4500
003 - CONTROL NUMBER IDENTIFIER
control field BDDh-ASL
005 - DATE AND TIME OF LATEST TRANSACTION
control field 20231015030644.0
008 - FIXED-LENGTH DATA ELEMENTS--GENERAL INFORMATION
fixed length control field 201108s1994 b ||||| |||| 00| 0 b d
040 ## - CATALOGING SOURCE
Original cataloging agency BDDh-ASL
Transcribing agency BDDh-ASL
041 ## - LANGUAGE CODE
Language code of text/sound track or separate title ben
082 ## - DEWEY DECIMAL CLASSIFICATION NUMBER
Classification number 923.79144
Item number RAT
100 1# - MAIN ENTRY--PERSONAL NAME
9 (RLIN) 2116
Personal name রহমান, মীজানুর
245 00 - TITLE STATEMENT
Title তীর্থ আমার গ্রাম /
246 ## - VARYING FORM OF TITLE
Title proper/short title Tirtha Amar Gram
260 ## - PUBLICATION, DISTRIBUTION, ETC.
Place of publication, distribution, etc. ঢাকা:
Name of publisher, distributor, etc. করিম বুক করপোরেশন,
Date of publication, distribution, etc. ১৯৯৪।
300 ## - PHYSICAL DESCRIPTION
Extent ১৯১ পৃষ্ঠা, :
Dimensions ২২ সে. মি.
650 #0 - SUBJECT ADDED ENTRY--TOPICAL TERM
9 (RLIN) 1697
Topical term or geographic name entry element জীবনী
942 ## - ADDED ENTRY ELEMENTS (KOHA)
Source of classification or shelving scheme Dewey Decimal Classification
Koha item type Books
Holdings
Withdrawn status Lost status Source of classification or shelving scheme Damaged status Not for loan Collection code Home library Current library Shelving location Date acquired Source of acquisition Total Checkouts Full call number Barcode Date last seen Copy number Price effective from Koha item type
    Dewey Decimal Classification     Non-fiction Asiatic Society Library Asiatic Society Library General Stacks 10/13/2021 ASB Collection   923.79144 RAT 112563 10/13/2021 C-1 10/13/2021 Books

Powered by Koha